Stratégia rozvoja slovenskej spoločnosti
Na minha lista:
| Autor principal: | |
|---|---|
| Formato: | Livro |
| Idioma: | eslovaco |
| Publicado em: |
Bratislava :
Ekonomický ústav SAV,
2010
|
| Assuntos: | |
| Tags: |
Sem tags, seja o primeiro a adicionar uma tag!
|
MARC
| LEADER | 00000nam a22000003a 4500 | ||
|---|---|---|---|
| 001 | stu215795 | ||
| 005 | 20150617225738.1 | ||
| 008 | 101103s2010----xo------------------slo-d | ||
| 020 | |a 978-80-7144-179-3 | ||
| 040 | |a STU |b slo | ||
| 041 | 0 | |a slo | |
| 044 | |a xo | ||
| 100 | 1 | |a Šikula, Milan |4 xxx | |
| 245 | 1 | |a Stratégia rozvoja slovenskej spoločnosti | |
| 260 | |a Bratislava : |b Ekonomický ústav SAV, |c 2010 | ||
| 300 | |a 695 s | ||
| 650 | 7 | |a Spoločnosť slovenská |2 stusub | |
| 996 | |b 284J037988 |c J*113220 |l JJST |s P |a 0 |w stu215795_0001 | ||